| 000 | 01833nam a2200301Ia 4500 | ||
|---|---|---|---|
| 999 |
_c50913 _d50913 |
||
| 001 | 17868 | ||
| 003 | GE_BSU | ||
| 005 | 20200226153833.0 | ||
| 008 | 181216s2014ge xx |||||||||||||| ||geo|| | ||
| 020 | _a978-99940-50-72-7 | ||
| 040 | _cGE_BSU | ||
| 041 | _ageo | ||
| 080 | _a070.(075.8) : 659 შ-93 | ||
| 100 |
_aშუკი, ფ. (ფრედ). _97507 |
||
| 245 |
_aსატელევიზიო რეპორტაჟის მომზადება და ტელეჟურნალისტიკა _bვიზუალური თხრობის გზამკვლევი : / _cფ. (ფრედ), შუკი ; ჯ. ლარსონი ; ჯ. დეტარსიო ; მთარგმნ. ლაშა გველესიანი ; სამეცნ. რედ. ნათია კალაძე ; რედ. ანა ჭაბაშვილი. |
||
| 250 | _aმეექვსე გამოც. | ||
| 264 |
_aთბილისი : _bსაქ. უნ-ტის გამ-ბა, _c2014. |
||
| 300 |
_a341 გვ. ; _bილ ; _c23 სმ.. |
||
| 653 | _aჟურნალისტიკა | ||
| 653 | _aსატელევიზიო რეპორტაჟი | ||
| 653 | _aსატელევიზიო რეპორტაჟის მომზადება და ტელეჟურნალისტიკა | ||
| 700 |
_aლარსონი, ჯ _97508 |
||
| 700 |
_aდეტარსიო, ჯ _97509 |
||
| 700 |
_aგველესიანი, ლაშა _eმთარგმნელი _97510 |
||
| 700 |
_aკალაძე, ნათია _e სამეცნიერო რედაქტორი _97511 |
||
| 700 |
_aჭაბაშვილი, ანა _eრედაქტორი _9995 |
||
| 942 |
_cBK _2udc |
||